000 00678nam a22002417a 4500
003 UA-OsUOA
001 47044
007 ta
008 20120530b un ||||| |||| 00| 0 ukr d
100 _aСвідзінський В.
090 _a82-1
_bС24
942 _cBK
040 _aUA-OsUOA
_bukr
_cUA-OsUOA
_dUA-OsUOA
245 _aВибрані поезії.
300 _a63 с.
955 _a1
041 _aukr
080 _a82-1
260 _aЕдмонтон
650 7 _a82 Література. Літературознавство
_2UDC
999 _c427154
_d427154